Historia del estudio de la administracin̤ pb︢lica en Mx̌ico

Bibliographic Details
Main Author: Sǹchez Gonzl̀ez, Jos ̌Juan
Format: eBook
Language:Spanish
Published: Ciudad de Mx̌ico: Cm̀ara de Diputados, 2009
Subjects:
Online Access:Acceso restringido

MARC

LEADER 00000nam a22000007a 4500
005 20171122170211.0
007 cr|||| ||||
008 171122s209 mx |||||s|||| 00||0 spa d
020 |a 978-607-401-135-7 
035 |a 20857 
040 |a vLex 
090 |c 7231  |d 7231 
100 1 |a Sǹchez Gonzl̀ez, Jos ̌Juan 
245 1 0 |a Historia del estudio de la administracin̤ pb︢lica en Mx̌ico  |h [Recurso electrn̤ico] /  |c Jos ̌Juan Sǹchez Gonzl̀ez  
256 |a Servicio en ln̕ea 
260 |a Ciudad de Mx̌ico:  |b Cm̀ara de Diputados,  |c 2009 
300 |a 1 recurso electrn̤ico 
506 1 |a Disponible solo en los productos indicados  |d vLex Global  |d vLex Global (Academic Edition, excluding Law Schools)  |d vLex Global (U.S. Academic Edition, Law Schools)  |d vLex Global (U.S. Academic Edition, excluding Law Schools)  |d vLex Global (Academic Edition, Law Schools) 
650 0 4 |a Derecho Pb︢lico  |z Mx̌ico 
650 0 4 |a Derecho Administrativo  |z Mx̌ico 
740 0 |a vLex Libros (Servicio en ln̕ea) 
856 4 0 |u http://vlex.com/source/historia-del-estudio-de-la-administracion-publica-en-mexico-20857  |z Acceso restringido 
942 |c BOOK 
999 0 |a Public law 
999 0 |a Administrative law